000 00411nam a2200169Ia 4500
008 210210b1922 xxu||||| |||| 00| 0 eng d
041 _aeng
082 _a425/244
100 _aPOSTGATE (J P)
245 _aTranslation and translations
260 _aLondon
_bG Bell & Sons Ltd.
_c1922
650 _atranslations
650 _aTranslation
650 _aand
690 _aEnglish Language
906 _a006020
999 _c129001
_d129001